3. Liga Top 4 - Statistiken

Allgemein
  • Dieses Quiz wurde 393 mal gespielt
    265 seit der letzten Aktualisierung
  • Das Durchschnittsergebnis liegt bei 21 aus 31
Antwortstatistiken
Antwort % Korrekt
SG Dynamo Dresden
94%
DSC Arminia Bielefeld
83%
SV Elversberg
78%
VfL Osnabrück
78%
RasenBallSport Leipzig
77%
TSV 1860 München
77%
1. FC Magdeburg
76%
FC Bayern München II
76%
Eintracht Braunschweig
75%
FC Hansa Rostock
75%
1. FC Heidenheim
74%
1. FC Kaiserlautern
71%
SC Freiburg II
69%
SC Paderborn
69%
SSV Jahn Regensburg
69%
SV Wehen Wiesbaden
69%
FC Ingolstadt 04
68%
Holstein Kiel
68%
1. FC Union Berlin
67%
Karlsruher SC
67%
SC Preußen Münster
67%
MSV Duisburg
63%
SV Sandhausen
63%
FC Erzgebirge Aue
61%
SV Darmstadt 98
60%
Fortuna Düsseldorf
51%
Würzburger Kickers
50%
Stuttgarter Kickers
47%
Hallescher FC
45%
SpVgg Unterhaching
45%
VfR Aalen
37%
Keine übereinstimmenden Quizze gefunden
Verteilung der Resultate
Anzahl Personen mit jedem Resultat
Perzentil nach korrekt beantworteten Fragen
Ihre Resultats-Entwicklung
Sie haben dieses Quiz seit der letzten Aktualisierung nicht gespielt